| 000 | 00737nam a2200241 a 4500 | ||
|---|---|---|---|
| 001 | 000021181 | ||
| 005 | 20200930011245.0 | ||
| 008 | 100901s1993 sp 000 d spa d | ||
| 020 | _a8474612098 | ||
| 040 |
_aDO-SdBNP _bspa _cBNPHU |
||
| 082 |
_a842.42 _bM721t |
||
| 100 | 1 |
_aMolière, _d1622-1673 _913395 |
|
| 245 | 1 | 0 |
_aTartufo : _bel enfermo imaginario / _cMolière. |
| 260 |
_aMadrid : _bClub Internacional del Libro, _c1993. |
||
| 300 |
_a192 p. ; _c19 cm. |
||
| 490 | 1 | _aGrandes genios de la literatura universal | |
| 650 | 4 |
_aTeatro francés _95359 |
|
| 650 | 4 |
_aComedia francesa _913396 |
|
| 650 | 4 |
_aLiteratura francesa _91074 |
|
| 830 | 0 |
_aGrandes genios de la literatura universal _97077 |
|
| 910 | _aWM | ||
| 049 | _aBNGR | ||
| 999 |
_c20682 _d20682 |
||